000 01201pam a2200217 4500
001 6066
005 20181127180822.0
010 _a 86001879
020 _a0937938254
_c
100 0 _a Donden, Yeshi,
_d1929-
245 1 0 _aHealth through balance :
_ban introduction to Tibetan medicine /
_cYeshi Donden ; edited and translated by Jeffrey Hopkins ; co-translated by Lobsang Rabgay and Alan Wallace.
250 _a1st ed., U.S.A.
260 _aIthaca, N.Y., USA :
_bSnow Lion Publications,
_c1986.
300 _a252 p. :
_bill. ;
_c22 cm.
500 _aIncludes index.
504 _aBibliography: p. [228]-229.
505 _aOutline of Disease -- Course Of Study -- The Body -- Defining The Body -- Wind, Bile, And Phlegm -- Seven Physical Constituents -- Causes, Conditions, And Entrances -- Diagnosis -- Pulse 1 -- Pulse 2 -- Questioning -- Urinalysis -- Treatment -- Behavior -- Diet: Grains And Meats -- Diet: Oils, Herbs, And Cooking -- Diabetes -- Tumors -- Virilification and Rejuvenation -- Meditative Transformation Of Medicine -- Outline of the Ambrosia Heart Tantra.
_g
_r
_t
650 0 _aMedicine, Tibetan.
650 2 _aMedicine, Oriental Traditional
_zChina.
700 1 _aHopkins, Jeffrey.
999 _c5121
_d5121